Process design manual for land application of municipal sludge
Salvato in:
| Ente Autore: | |
|---|---|
| Natura: | Libro |
| Lingua: | inglese |
| Pubblicazione: |
Cincinnati
U. S. Environmental Protection Agency
1983
|
| Edizione: | 1a. ed |
| Soggetti: | |
| Tags: |
Aggiungi Tag
Nessun Tag, puoi essere il primo ad aggiungerne!!
|
MARC
| LEADER | 00000cam a2200000 a 4500 | ||
|---|---|---|---|
| 001 | UCC2672 | ||
| 003 | CL-VaPUC | ||
| 008 | 180316e19830000us |||||||||||||||||eng|d | ||
| 082 | 0 | 4 | |a 628.43 |b USE |2 21 |
| 110 | 2 | |a U. S. Environmental Protection Agency |e author |9 596700 | |
| 245 | 1 | 0 | |a Process design manual for land application of municipal sludge |
| 250 | |a 1a. ed | ||
| 300 | |a pág. irreg | ||
| 942 | |c BK | ||
| 945 | |d 20180316 12:27:00 |a dcastane | ||
| 260 | |a Cincinnati |b U. S. Environmental Protection Agency |c 1983 | ||
| 650 | 0 | |a Manejo de residuos |9 546738 | |
| 650 | 7 | |a LODOS |2 CL-VaPUC |9 588511 | |
| 650 | 0 | |a Impacto ambiental |9 262796 | |
| 583 | |a last modification |c 20180316 12:27:00 |k Rodrigo Vera | ||
| 999 | |c 370683 |d 370681 | ||
| 952 | |0 0 |1 0 |3 erb |4 0 |6 628_430000000000000_USE_1983 |7 0 |8 A |9 487264 |a BIBING |b BIBING |i 5456924 |o 628.43 USE 1983 |p 5456924 |r 2025-01-20 |w 2019-11-24 |y BK |z Catalogado en:20180316 |k CCL | ||